000 00627nam a22002057a 4500
999 _c13982
_d13982
003 AR-CdUCM
008 190417b ||||| |||| 00| 0 spa d
040 _aMUNICIPALIDAD PROVINCIAL DEL CUSCO
_cBIBLIOTECA MUNICIPAL DEL CUSCO
082 _aES / 800 /
_bEC18
100 _aEchevarria, M. J.
_932630
245 _aPasteur /
260 _aBarcelona :
_bI.D.A.G.,
_c1963.
300 _a182 páginas ;
_bIlustraciones,
_c21 cm.
440 _aolección Auriga, serie Amarilla
_932631
505 _aContenido: Pasteur.
650 _aBiografía
_922
650 _aPasteur
_932632
942 _2ddc
_cLIBROS
945 _acmm
_d2019-04-17